[Event "e2e4 Bedford Open 2013"]
[Site "Bedford ENG"]
[Date "2013.09.22"]
[Round "4"]
[White "Ledger,D"]
[Black "Tan,Ju2"]
[Result "0-1"]
[WhiteElo "2288"]
[BlackElo "2333"]

1.e4 e6 2.d4 d5 3.Nc3 Bb4 4.e5 Ne7 5.Qg4 c5 6.a3 Qa5 7.Bd2 cxd4 8.Qxd4 Nbc6
9.Qg4 d4 10.Ne4 Bxd2+ 11.Nxd2 Qxe5+ 12.Be2 O-O 13.Ngf3 Qc5 14.Bd3 f5 15.Qh4 Ng6
16.Qg3 e5 17.Bc4+ Kh8 18.Ng5 Qe7 19.h4 e4 20.O-O-O Nge5 21.Ba2 d3 22.f4 Nd4
23.Bb1 Ne2+  0-1

[Event "23rd EYCC Open U18 2013"]
[Site "Budva MNE"]
[Date "2013.09.30"]
[Round "2.12"]
[White "Nasuta,G"]
[Black "Maatman,Nick"]
[Result "1-0"]
[WhiteElo "2343"]
[BlackElo "2236"]

1.e4 e6 2.d4 d5 3.Nc3 Bb4 4.e5 Ne7 5.a3 Bxc3+ 6.bxc3 c5 7.Qg4 Qc7 8.Qxg7 Rg8
9.Qxh7 cxd4 10.Ne2 Nbc6 11.f4 dxc3 12.Nxc3 Nd4 13.Qd3 Nef5 14.Bb2 Bd7 15.O-O-O Rc8
16.Rd2 Qa5 17.Kb1 a6 18.Qh3 Bb5 19.g4 Bxf1 20.Rxf1 Nb5 21.Nxb5 Qxd2 22.gxf5 Qxc2+
23.Ka1 axb5 24.fxe6 Ra8 25.exf7+ Kxf7 26.Qd7+  1-0

[Event "23rd EYCC Open U16 2013"]
[Site "Budva MNE"]
[Date "2013.10.01"]
[Round "3.9"]
[White "Ladva,O"]
[Black "Grigorian,Sp"]
[Result "1-0"]
[WhiteElo "2321"]
[BlackElo "2144"]

1.e4 e6 2.d4 d5 3.Nc3 Bb4 4.e5 Ne7 5.a3 Bxc3+ 6.bxc3 c5 7.h4 Qc7 8.h5 h6
9.Nf3 b6 10.Bb5+ Bd7 11.Bd3 Ba4 12.O-O Nd7 13.Nh4 c4 14.Be2 O-O-O 15.Bg4 Nf8
16.Qf3 Nc6 17.Ra2 Nh7 18.Qg3 Ng5 19.f4 Ne4 20.Qh3 Rde8 21.f5 Nd8 22.fxe6 fxe6
23.Ng6 Rhg8 24.Bf4 Kb7 25.Qe3 Nf7 26.Bf3 Nfg5 27.Bxg5 Nxg5 28.Nf4 Rgf8 29.Rf2 Rf5
30.Ra1 Ref8 31.Bg4 Rxf4 32.Rxf4 Rxf4 33.Qxf4 Bxc2 34.Rf1 Bd3 35.Rf2 Qd7 36.Qf8 Be4
37.Kh2 Ka6 38.Qb8 Nf7 39.Rb2 Bd3 40.Rxb6+ axb6 41.Bxe6 Qc6 42.Bxf7 Bf5 43.e6 b5
44.e7 Qf6 45.Qa8+ Kb6 46.Qd8+  1-0

[Event "23rd EYCC Open U18 2013"]
[Site "Budva MNE"]
[Date "2013.10.01"]
[Round "3.38"]
[White "Tominga,Eke"]
[Black "Liu,Dennis"]
[Result "1/2-1/2"]
[WhiteElo "2053"]
[BlackElo "1985"]

1.e4 e6 2.d4 d5 3.Nc3 Bb4 4.e5 Ne7 5.a3 Bxc3+ 6.bxc3 b6 7.Nf3 Ba6 8.Bxa6 Nxa6
9.Qd3 Nb8 10.a4 Nbc6 11.Ba3 Na5 12.Nd2 Qd7 13.O-O O-O 14.Qb5 c6 15.Qa6 Rfc8
16.Rfc1 Ng6 17.Qd3 c5 18.Qb5 Qd8 19.g3 Qg5 20.Qd3 cxd4 21.cxd4 Nc4 22.Nxc4 Rxc4
23.a5 Rac8 24.axb6 axb6 25.c3 Qg4 26.Kh1 h5 27.Rab1 Rxc3 28.f3 Rxc1+ 29.Bxc1 Qf5
30.Qxf5 exf5 31.Be3 Rc3 32.Bg1 Rc6 33.Rb5 Ne7 34.Be3 Kf8 35.Kg2 Ke8 36.Bg5 f6
37.exf6 gxf6 38.Be3 Kd7 39.Kh3 Rc3 40.Bf4 Kc6 41.Rb2 Ng6 42.Bb8 Nf8 43.Kh4 Kb7
44.Bd6 Ne6 45.Kxh5 Nxd4 46.Kg6 Kc6 47.Be7 Rxf3 48.Bxf6 Ne6 49.Kf7 Nc5 50.Rc2 Kd6
51.Be7+ Ke5 52.Rb2 Ne4 53.Rxb6 Rf2 54.Bf8 Ng5+ 55.Kg6 Ne6 56.Bd6+ Ke4 57.Kf6 Nd4
58.Bf4 Rxf4 59.gxf4 Ne2 60.Re6+ Kf3  1/2-1/2

[Event "23rd EYCC Open U18 2013"]
[Site "Budva MNE"]
[Date "2013.10.05"]
[Round "6.22"]
[White "Tominga,Eke"]
[Black "Petrusic,T"]
[Result "1/2-1/2"]
[WhiteElo "2053"]
[BlackElo "2289"]

1.e4 e6 2.d4 d5 3.Nc3 Bb4 4.e5 Ne7 5.a3 Bxc3+ 6.bxc3 c5 7.Nf3 Qa5 8.Qd2 Qa4
9.dxc5 Nd7 10.Bd3 Nxc5 11.O-O Bd7 12.Qe2 Rc8 13.Bd2 a6 14.Nd4 Nc6 15.Nxc6 Qxc6
16.Qg4 Kf8 17.Rab1 b5 18.Qd4 Na4 19.Rb3 Qc5 20.Rfb1 Qxd4 21.cxd4 f6 22.f4 Kf7
23.Kf2 Rc6 24.h3 Rhc8 25.g4 f5 26.Kg3 h6 27.Kf3 g6 28.Kg3 Rg8 29.Kf3 Ra8
30.Kg3 Nb6 31.Ba5 Na4 32.Bd2 Rcc8 33.Kf3 Nb6 34.Ba5 Nc4 35.Bxc4 dxc4 36.Re3 Bc6+
37.Kf2 Bd5 38.c3 Rg8 39.Rg3 Rg7 40.Rbg1 Rag8 41.gxf5  1/2-1/2

[Event "ch-Novoyavorivsk Chess Club 2013"]
[Site "Novoyavorivsk UKR"]
[Date "2013.10.05"]
[Round "5.2"]
[White "Melnichuk,M"]
[Black "Omelja,A"]
[Result "1/2-1/2"]
[WhiteElo "2362"]
[BlackElo "2253"]

1.e4 e6 2.d4 d5 3.Nc3 Bb4 4.e5 Qd7 5.Bd2 Ne7 6.Nce2 Bxd2+ 7.Qxd2 b6 8.f4 Ba6
9.Nf3 c5 10.O-O-O Nbc6 11.Qc3 Bxe2 12.Bxe2 c4 13.b4 b5 14.Kd2 a5 15.a3 Qa7
16.Qb2 f6 17.c3 axb4 18.axb4 Qa2 19.Rb1 h5 20.Bd1 Nxb4 21.Bc2 Qxb2 22.Rxb2 Nxc2
23.Kxc2 Ra5 24.Rhb1 Nf5 25.Rxb5 Rxb5 26.Rxb5 Kf7 27.Rb7+ Kg6 28.g3 Ra8 29.Kb2 Rh8
30.Kc2 Ra8 31.Kb2 Rh8 32.Kc2  1/2-1/2

[Event "23rd EYCC Open U18 2013"]
[Site "Budva MNE"]
[Date "2013.10.07"]
[Round "8.12"]
[White "Kriebel,T"]
[Black "Lewtak,Da"]
[Result "0-1"]
[WhiteElo "2365"]
[BlackElo "2275"]

1.e4 e6 2.d4 d5 3.Nc3 Bb4 4.e5 Ne7 5.a3 Bxc3+ 6.bxc3 c5 7.Qg4 O-O 8.Bd3 f5
9.exf6 Rxf6 10.Bg5 Rf7 11.Qh5 g6 12.Qd1 Qc7 13.Nf3 Nec6 14.O-O c4 15.Be2 Nd7
16.Bh4 Nf6 17.Ng5 Rf8 18.f4 h6 19.Nh3 Ne4 20.Qe1 b5 21.Bf3 Nd6 22.g4 a5 23.Qe3 Kh7
24.Bg3 Qd7 25.Nf2 Ra6 26.Rae1 Ne8 27.h4 Ng7 28.Nh3 Qa7 29.Kh2 b4 30.Rg1 bxc3
31.Rd1 e5 32.f5 gxf5 33.gxf5 Nxf5 34.Qe1 Ncxd4 35.Bxd5 Nxc2 36.Qe4 Nd4 37.Bxe5 Re8
38.Bxd4 Rxe4 39.Bg7 Re2+ 40.Nf2 Ne3 41.Bf3 Nxd1 42.Bxe2 c2 43.Rxd1 cxd1=Q
44.Bxd1 Rd6 45.Be5 Rd2  0-1

[Event "23rd EYCC Open U18 2013"]
[Site "Budva MNE"]
[Date "2013.10.08"]
[Round "9.23"]
[White "Kjoita,Torgeir"]
[Black "Petrusic,T"]
[Result "0-1"]
[WhiteElo "1936"]
[BlackElo "2289"]

1.e4 e6 2.d4 d5 3.Nc3 Bb4 4.e5 Ne7 5.Nf3 c5 6.a3 Bxc3+ 7.bxc3 Qa5 8.Bd2 Nbc6
9.Qb1 c4 10.h4 Bd7 11.h5 h6 12.Rh4 O-O-O 13.Rg4 Nf5 14.Nh4 Nce7 15.Qb4 Qxb4
16.axb4 a6 17.Nxf5 Nxf5 18.Be2 Rdf8 19.Rf4 f6 20.g4 fxe5 21.dxe5 Nh4 22.Kf1 Bc6
23.Ra5 Kd7 24.Kg1 Rxf4 25.Bxf4 Rf8 26.Be3 Nf3+ 27.Bxf3 Rxf3 28.Kf1 d4 29.cxd4 Rh3
30.d5 Bxd5 31.b5 Bf3 32.Ke1 c3 33.bxa6 Rh1+  0-1

[Event "7th Univ Cent Open 2013"]
[Site "Bogota COL"]
[Date "2013.10.10"]
[Round "2.8"]
[White "Obregon Rivero,J"]
[Black "Ostos,J"]
[Result "1-0"]
[WhiteElo "2526"]
[BlackElo "2295"]

1.e4 e6 2.d4 d5 3.Nc3 Bb4 4.e5 b6 5.Qg4 Bf8 6.Bg5 Qd7 7.h4 h6 8.Be3 h5 9.Qd1 Ba6
10.Bxa6 Nxa6 11.Qe2 Nb4 12.a3 Nc6 13.Nf3 Nge7 14.O-O Nf5 15.Rfd1 Na5 16.b3 Be7
17.g3 Rc8 18.Na4 c5 19.dxc5 bxc5 20.Nb2 Qb7 21.Bg5 Bxg5 22.Nxg5 Nc6 23.Rac1 Ncd4
24.Qf1 f6 25.exf6 gxf6 26.Rxd4 Nxd4 27.Nh3 e5 28.Qd1 Kf7 29.Nd3 c4 30.bxc4 dxc4
31.Ng5+ Kg7 32.Nxe5 fxe5 33.c3 Nb3 34.Qd6 Rhe8 35.Re1 Qe7 36.Qd5 Nc5 37.Qf3 Qf6
38.Qxh5 Qg6 39.Qg4 Kh6 40.Rxe5 Rxe5 41.Qxc8 Qe8 42.Qc7 Re1+ 43.Kh2 Qe7 44.Qc8 Kg7
45.Qf5 Kh6 46.Nf7+ Kg7 47.Ng5 Kh6 48.Qc8 Kg7 49.Qf5 Kh6 50.Nf3 Re2 51.Qf4+ Kg7
52.Nd4 Re5 53.Nc6 Qd8  1-0

[Event "TCh-NED Meesterklasse 2013-14"]
[Site "Netherland NED"]
[Date "2013.11.02"]
[Round "2.6"]
[White "Nijboer,F"]
[Black "Miedema,D"]
[Result "1-0"]
[WhiteElo "2530"]
[BlackElo "2388"]

1.e4 e6 2.d4 d5 3.Nc3 Bb4 4.e5 Ne7 5.a3 Bxc3+ 6.bxc3 c5 7.a4 Nbc6 8.Nf3 Bd7
9.Be2 Qc7 10.O-O Na5 11.Qd2 O-O 12.Qg5 Ng6 13.Ba3 b6 14.Qg3 Nc4 15.Bc1 f6
16.exf6 Qxg3 17.f7+ Rxf7 18.hxg3 Re8 19.dxc5 bxc5 20.Bxc4 dxc4 21.Be3 Rc8
22.Nd2 Ne5 23.Ne4 Ng4 24.Nd6 Nxe3 25.Nxc8 Nxf1 26.Nd6 Rf8 27.Kxf1 Bc6 28.Nxc4 Be4
29.Ne3 Rb8 30.Ke2 Kf7 31.f3 Bb7 32.Kd3 Ke7 33.c4 a5 34.Kc3 Bc6 35.Nd1 h5
36.Nb2 Rf8 37.Kd2 Rd8+ 38.Nd3 Rd4 39.Kc3 Kd6 40.Rh1 Be8 41.Nf4 Ke7 42.Re1 Rd6
43.Re5 Bxa4 44.Rxc5 Ra6 45.Rc7+ Bd7 46.Nd3  1-0

[Event "80th ch-BRA S/F 1 2013"]
[Site "Rio de Janeiro BRA"]
[Date "2013.11.03"]
[Round "7.14"]
[White "De Haro,M"]
[Black "Teixeira,Ri"]
[Result "0-1"]
[WhiteElo "2058"]
[BlackElo "2227"]

1.d4 e6 2.e4 d5 3.Nc3 Bb4 4.e5 Ne7 5.Bd2 b6 6.Nce2 Bxd2+ 7.Qxd2 Ba6 8.f4 O-O
9.Nf3 c5 10.g3 Nbc6 11.Bh3 Bxe2 12.Kxe2 Nxd4+ 13.Nxd4 cxd4 14.Qxd4 Rc8 15.Qd2 Qc7
16.Rac1 Nc6 17.c4 Rfd8 18.cxd5 Rxd5 19.Qe3 Qd7 20.Kf2 Rd8 21.Rc2 Nb4 22.Re2 g6
23.Bg2 Rd1 24.Rxd1 Qxd1 25.Be4 Nxa2 26.Re1 Qd2+ 27.Re2 Qxe3+ 28.Kxe3 Nb4
29.g4 Kf8 30.f5 gxf5 31.gxf5 Ke7 32.Rg2 exf5 33.Bxf5 Nc6 34.Bxh7 Nxe5  0-1

[Event "TCh-CZE Extraliga 2013-14"]
[Site "Trinec CZE"]
[Date "2013.11.03"]
[Round "2.8"]
[White "Walek,M"]
[Black "Adamek,J"]
[Result "1/2-1/2"]
[WhiteElo "2353"]
[BlackElo "2298"]

1.e4 e6 2.d4 d5 3.Nc3 Bb4 4.e5 Ne7 5.a3 Bxc3+ 6.bxc3 b6 7.Nf3 Ba6 8.Bxa6 Nxa6
9.a4 c5 10.a5 Nc6 11.Qe2 Nc7 12.Bg5 Qc8 13.dxc5 Nxa5 14.O-O Nc4 15.cxb6 axb6
16.Nd2 Nxd2 17.Bxd2 O-O 18.h4 Na6 19.Ra4 Nc5 20.Rg4 Kh8 21.h5 f5 22.exf6 gxf6
23.c4 dxc4 24.Bh6 Rf7 25.Rd1 e5 26.Qxc4 Qc7 27.Qd5 Re8 28.Ra1 Qb7 29.Qc4 Ne6
30.Re1 Qd7 31.Rg3 Rc8 32.Qa6 Qc6 33.c3 Ng7 34.Rxg7 Rxg7 35.Bxg7+ Kxg7 36.Re3  1/2-1/2

[Event "IX Chervonograd Cup A 2013"]
[Site "Chervonograd UKR"]
[Date "2013.11.11"]
[Round "1.1"]
[White "Terletsky,O"]
[Black "Kagramanianz,V"]
[Result "0-1"]
[WhiteElo "2276"]
[BlackElo "2226"]

1.e4 e6 2.d4 d5 3.Nc3 Bb4 4.e5 Qd7 5.Bd2 b6 6.Bb5 c6 7.Ba4 a5 8.a3 Bf8 9.Qg4 Ne7
10.Nf3 Ba6 11.O-O-O Nf5 12.Qh3 b5 13.Bb3 b4 14.Na4 Be2 15.Rde1 Bxf3 16.Nb6 Qb7
17.Nxa8 Nxd4 18.Nc7+ Qxc7 19.gxf3 Nxb3+ 20.cxb3 bxa3 21.bxa3 Bxa3+ 22.Kb1 Nd7
23.Rhg1 Qb6 24.f4 Bb4 25.Bxb4 Qxb4 26.f5 Nc5 27.Re3 d4 28.Reg3 d3 29.Rxd3 Qe4  0-1

[Event "76th ch-CRC 2013"]
[Site "San Jose CRC"]
[Date "2013.11.15"]
[Round "1.6"]
[White "Duran Vega,S"]
[Black "Carvajal Gorgona,J"]
[Result "1-0"]
[WhiteElo "2267"]
[BlackElo "2239"]

1.e4 e6 2.d4 d5 3.Nc3 Bb4 4.e5 b6 5.Qg4 Bf8 6.Bb5+ c6 7.Be2 Ba6 8.Nf3 Qd7
9.O-O Ne7 10.a4 Bxe2 11.Nxe2 a5 12.Ng3 Na6 13.b3 h6 14.Ba3 g6 15.Qf4 Nf5
16.Nxf5 gxf5 17.Bxf8 Kxf8 18.Ne1 c5 19.f3 h5 20.dxc5 bxc5 21.Qd2 Nb4 22.Nd3 Rc8
23.g3 Qb7 24.Nf4 c4 25.c3 Na6 26.bxc4 Rxc4 27.Rfb1 Qc7 28.Ne2 Qxe5 29.Rb6 Nb4
30.Nd4 Qc7 31.Rxe6 Rxc3 32.Rae1 f4 33.Re8+ Kg7 34.Nf5+ Kg6 35.Rxh8 Kxf5 36.Rxh5+ Kg6
37.Rh4 Qc5+ 38.Kh1 Nd3 39.Re2 Rc1+ 40.Kg2 Qd4 41.Rg4+ Kf5 42.Kh3 Rd1 43.Qc2 Rc1
44.Rxf4+  1-0

[Event "TCh-BEL 2013-14"]
[Site "Belgium BEL"]
[Date "2013.11.17"]
[Round "4.6"]
[White "Sadikhov,U"]
[Black "Van Mechelen,J"]
[Result "1-0"]
[WhiteElo "2241"]
[BlackElo "2166"]

1.e4 e6 2.d4 d5 3.Nc3 Bb4 4.e5 Ne7 5.Nf3 c5 6.a3 Bxc3+ 7.bxc3 b6 8.Bb5+ Bd7
9.Bd3 c4 10.Be2 Ba4 11.Bg5 h6 12.Bf4 Kd7 13.Qd2 Qg8 14.h4 Qh7 15.Ra2 Na6
16.h5 Nc7 17.Nh2 Nc6 18.Ng4 Kc8 19.Bg3 Kb7 20.O-O Raf8 21.Bh4 Ne8 22.f4 g6
23.hxg6 fxg6 24.Nf6 Nxf6 25.Bxf6 Rhg8 26.Bg4 Re8 27.Qe3 Nb8 28.Qh3 Qf7 29.Qxh6 Nd7
30.Bh4 Rh8 31.Qg5 Rh7 32.g3 Nf8 33.Rf2 Rh8 34.Bh3 Nh7 35.Qg4 Qf5 36.Re2 Qxg4
37.Bxg4 g5 38.fxg5 Rhg8 39.Bh5 Rc8 40.Bf7  1-0

[Event "Cultural Village 2013"]
[Site "Wijk aan Zee NED"]
[Date "2013.11.30"]
[Round "2.2"]
[White "Pijpers,A"]
[Black "Klein,Da"]
[Result "0-1"]
[WhiteElo "2366"]
[BlackElo "2489"]

1.e4 e6 2.d4 d5 3.Nc3 Bb4 4.e5 b6 5.a3 Bf8 6.Nh3 Ne7 7.Nf4 c5 8.b4 Ng6 9.Nh5 cxd4
10.Qxd4 Nc6 11.Bb5 Bd7 12.Bxc6 Bxc6 13.O-O Qh4 14.Nf4 Be7 15.h3 Nxf4 16.Bxf4 Rc8
17.Qd2 O-O 18.Rfe1 Bd7 19.Ne2 Rc4 20.c3 Rfc8 21.Rac1 a5 22.Be3 Re4 23.Bd4 Bb5
24.Ng3 Bg5 25.Rxe4 Bxd2 26.Rxh4 Bxc1 27.a4 Bxa4 28.Bxb6 axb4 29.Rxb4 Bc2
30.Bd4 h6 31.Ne2 Ba3 32.Rb7 Bd3 33.Kf1 Bc5 34.Ke1 Bxd4 35.Nxd4 Rxc3 36.Kd2 Ra3
37.Rb3 Rxb3 38.Nxb3 Be4 39.f3 Bf5 40.Ke3 Kf8 41.Kd4 Ke7 42.Kc5 Bd3 43.f4 Bf1
44.g3 Bxh3 45.Nd4 Bg4 46.Nc6+ Kd7 47.Nb8+ Kc7 48.Na6+ Kb7 49.Nb4 Be2 50.Nc6 Kc7
51.f5 Bd3 52.f6 g5 53.Ne7 h5 54.Kd4 Be4 55.Ke3 h4 56.gxh4 gxh4 57.Kf4 h3
58.Kg3 Bg2 59.Ng8 d4 60.Nh6 d3 61.Ng4 d2 62.Nf2 Kc6 63.Kf4 h2 64.Ke3 h1=Q
65.Nxh1 d1=Q  0-1

[Event "TCh-AUT 2nd West 2013-14"]
[Site "Austria AUT"]
[Date "2013.12.01"]
[Round "5.1"]
[White "Lanka,Z"]
[Black "Graf,F"]
[Result "1-0"]
[WhiteElo "2440"]
[BlackElo "2493"]

1.e4 e6 2.d4 d5 3.Nc3 Bb4 4.e5 b6 5.a3 Bf8 6.Nf3 a5 7.Bb5+ c6 8.Ba4 Ba6 9.Ne2 h5
10.h4 Nh6 11.c3 Be7 12.Bg5 Kd7 13.Bc2 Ng4 14.Bxe7 Qxe7 15.O-O Bxe2 16.Qxe2 Na6
17.c4 Nc7 18.Rac1 Rhb8 19.Ba4 b5 20.cxb5 cxb5 21.Bc2 a4 22.Bd3 b4 23.Rc5 bxa3
24.bxa3 Ra7 25.Rfc1 Kd8 26.Ng5 Rb3 27.f3 Nh6 28.Bc2 Rxa3 29.Rb1 f6 30.Qe1 Ra2
31.Rb8+ Kd7 32.Qb1  1-0

[Event "Snowdrops vs Old Hands Match 2013"]
[Site "Podebrady CZE"]
[Date "2013.12.08"]
[Round "8.4"]
[White "Ziaziulkina,N"]
[Black "Uhlmann,W"]
[Result "1/2-1/2"]
[WhiteElo "2350"]
[BlackElo "2334"]

1.e4 e6 2.d4 d5 3.Nc3 Bb4 4.e5 Ne7 5.a3 Bxc3+ 6.bxc3 c5 7.Qg4 O-O 8.Bd3 f5
9.exf6 Rxf6 10.Bg5 Rf7 11.Qh5 g6 12.Qd1 Qa5 13.Qd2 Nbc6 14.Nf3 c4 15.Be2 Nf5
16.Ne5 Nxe5 17.dxe5 b5 18.O-O d4 19.cxd4 Qxd2 20.Bxd2 Nxd4 21.Bd1 Bb7 22.a4 a6
23.axb5 axb5 24.Rxa8+ Bxa8 25.Bc3 Rd7 26.Bg4 h5 27.Rd1 hxg4 28.Rxd4 Ra7 29.Kf1 Ra2
30.Bb4 Kg7 31.c3 Ra1+ 32.Ke2 Bxg2 33.Rxg4 Bf1+ 34.Ke3 Re1+ 35.Kd4 Rd1+ 36.Ke4 Bh3
37.Rg3 Bf5+ 38.Kf3 Re1 39.Bd6 Kf7 40.Kg2 Be4+ 41.Kh3 Rf1 42.Bc5 Ke8 43.Re3 Bd3
44.Kg2 Rc1 45.Bb4 Kd7 46.f4 Kc6 47.Kf2 Rf1+ 48.Kg3 Kd5 49.Kg4 Rh1 50.Kg3 Rb1
51.Ba5 Kc5 52.Kf3 Rb2 53.h3 Bf5 54.Re2 Rb1 55.Rh2 Rd1 56.h4 Rd3+ 57.Kf2 Kd5
58.h5 gxh5 59.Rxh5 Ke4 60.Rh4 Rd2+ 61.Kg3 Ra2 62.Bb4 Ra4 63.Rh8 Ra1 64.Rd8 Ke3
65.Bc5+ Ke2 66.Kh4 Rc1 67.Bb4 Kf3 68.Kg5 Rg1+ 69.Kf6 Kxf4 70.Rd4+ Kf3 71.Ke7 Rb1
72.Ba5 Ra1 73.Bb4 Ra6 74.Rd6 Ra7+ 75.Rd7 Ra4 76.Rb7 Ke4 77.Rxb5 Ra7+ 78.Kf6 Rd7
79.Rb6 Rh7 80.Rb5 Kd3 81.Rb6 Rh6+ 82.Ke7 Rh7+ 83.Kf6  1/2-1/2

[Event "5th Penang Open 2013"]
[Site "George Town MAS"]
[Date "2013.12.11"]
[Round "5.58"]
[White "Ng,Shi Yang"]
[Black "Lim,Ming Kang"]
[Result "1/2-1/2"]
[WhiteElo "1612"]
[BlackElo "1584"]

1.e4 e6 2.d4 d5 3.Nc3 Bb4 4.e5 Ne7 5.f4 Bxc3+ 6.bxc3 c5 7.Nf3 b6 8.Bb5+ Bd7
9.Bxd7+ Nxd7 10.O-O c4 11.Ba3 O-O 12.Kh1 Re8 13.g4 f5 14.Bxe7 Qxe7 15.gxf5 exf5
16.Rg1 Nf8 17.a4 Ne6 18.Qd2 Kh8 19.Ng5 Nxg5 20.Rxg5 g6 21.Qg2 Qe6 22.h4 Rab8
23.Rg3 Kg7 24.h5  1/2-1/2

[Event "Russian Cup Final 2013"]
[Site "Khanty-Mansiysk RUS"]
[Date "2013.12.12"]
[Round "1.1"]
[White "Kokarev,Dm"]
[Black "Savchenko,B"]
[Result "1/2-1/2"]
[WhiteElo "2631"]
[BlackElo "2602"]

1.e4 e6 2.d4 d5 3.Nc3 Bb4 4.e5 Ne7 5.a3 Bxc3+ 6.bxc3 c5 7.Qg4 O-O 8.Bd3 f5
9.exf6 Rxf6 10.Bg5 Rf7 11.Qh5 g6 12.Qd1 Nd7 13.Nf3 Qa5 14.Bd2 Nc6 15.dxc5 Qxc5
16.O-O Nde5 17.Nxe5 Nxe5 18.Qe1 Nc4 19.Bxc4 Qxc4 20.f3 Bd7 21.Rf2 Rc8 22.Re2 Qa4
23.Bg5 Qa5 24.Bd2 Qa4 25.Qb1 b6 26.Qb2 Rc4 27.Rae1 Qc6 28.h3 Rf5 29.Be3 Rxc3
30.Bd4 Rc4 31.c3 Qd6 32.Re5 Rxe5 33.Bxe5 Qe7 34.Qc1 Kf7 35.Bd4 Ke8 36.Qf4 Kd8
37.Qe5 Bc8 38.h4 Kd7 39.h5 gxh5 40.Qxh5 Kc6 41.f4 Qd7 42.f5 exf5 43.Qh4 Qd6
44.Qxh7 Qxa3 45.Qg8 Kb7 46.Qxd5+ Rc6 47.Qf7+ Kb8 48.Re8 Qc1+ 49.Kf2 Qd2+
50.Kg1 Qc1+ 51.Kf2 Qd2+ 52.Kg1 Qc1+ 53.Kf2  1/2-1/2

[Event "20th Zadar Open B 2013"]
[Site "Zadar CRO"]
[Date "2013.12.19"]
[Round "7.7"]
[White "Lulic,I"]
[Black "Glavas,D"]
[Result "1/2-1/2"]
[WhiteElo "2022"]
[BlackElo "2276"]

1.e4 e6 2.d4 d5 3.Nc3 Bb4 4.e5 Qd7 5.Bd3 b6 6.a3 Bxc3+ 7.bxc3 Ba6 8.Nf3 Ne7
9.O-O Bxd3 10.cxd3 O-O 11.a4 c5 12.Ba3 Rc8 13.dxc5 bxc5 14.d4 cxd4 15.cxd4 Nbc6
16.a5 Ng6 17.Qd2 Qd8 18.Bc5 Ncxe5 19.Nxe5 Nxe5 20.Rfb1 Nc4 21.Qe1 a6 22.Bb6 Qg5
23.Rd1 Rc6 24.Rab1 Rac8 25.Rb3 h5 26.Rg3 Qh6 27.Bc5 R6c7 28.h3 e5 29.Bb6 Rd7
30.dxe5 Nxb6 31.axb6 Qxb6 32.Qe2 Qh6 33.Ra3 Rc6 34.Ra5 d4 35.Qe4 Rc1 36.Rxc1 Qxc1+
37.Kh2 Qc4 38.Qa8+ Kh7 39.Qf3 g6 40.Qf6 Qe6 41.Qxe6 fxe6 42.Rxa6 d3 43.Ra1 h4
44.g4 Kh6 45.Kg2 Kg5 46.Kf3 d2 47.Rd1 Rd3+ 48.Ke4 Rxh3 49.Rxd2 Kxg4 50.Rd6 Rh1
51.Rxe6 Re1+ 52.Kd5 g5 53.Rh6 Re2 54.e6 Rxf2 55.e7 Rd2+ 56.Kc6 Re2 57.Kd7 h3
58.e8=Q Rxe8 59.Kxe8 Kg3 60.Kf7 g4 61.Kf6 Kg2 62.Kg5 g3 63.Kg4 h2 64.Rh3 Kf2
65.Kf4 g2 66.Rxh2 Kf1 67.Rxg2 Kxg2  1/2-1/2

[Event "22nd Donau Open 2013"]
[Site "Aschach AUT"]
[Date "2013.12.26"]
[Round "1.1"]
[White "Sedlak,N"]
[Black "Turner,R"]
[Result "1/2-1/2"]
[WhiteElo "2576"]
[BlackElo "2085"]

1.e4 e6 2.d4 d5 3.Nc3 Bb4 4.e5 Ne7 5.a3 Bxc3+ 6.bxc3 b6 7.Qg4 Ng6 8.h4 h5
9.Qf3 Nxh4 10.Qd1 Ba6 11.g3 Ng6 12.Rxh5 Rxh5 13.Qxh5 Kd7 14.Bg5 Qg8 15.Bxa6 Nxa6
16.Qe2 Qc8 17.c4 c6 18.cxd5 cxd5 19.Qb5+ Kc7 20.Ne2 Kb7 21.Kd2 Qc6 22.Qxc6+ Kxc6
23.Rh1 Nc7 24.Rh7 Rg8 25.g4 Ne8 26.Be3 Nf8 27.Rh3 Nd7 28.f4 b5 29.f5 Nb6
30.Nf4 exf5 31.gxf5 Nc4+ 32.Kd3 Nxa3 33.e6 fxe6 34.Ng6 Kd7 35.Ne5+ Ke7 36.Bg5+ Kd6
37.Bf4 Ke7 38.Nc6+ Kf6 39.Be5+ Kf7 40.Nd8+ Ke7 41.Nxe6 Nc4 42.Nf4 Ned6 43.Nxd5+ Kf7
44.Rf3 Re8 45.Bxd6 Nxd6 46.f6 g6 47.Rh3 Rf8 48.Rh7+ Ke6 49.Nc7+ Kf5 50.Rd7 Rxf6
51.Nd5 Re6 52.Rxa7 g5 53.Rg7 Ne8 54.Rf7+ Kg6 55.Rb7 Nd6 56.Rb6 Kf5 57.Nc7 Rh6
58.Nxb5 Rh3+ 59.Ke2 Rh2+ 60.Kf3 g4+ 61.Kg3 Rh3+ 62.Kg2 Nc4 63.Nd6+ Nxd6 64.Rxd6 Rc3  1/2-1/2

[Event "51st Groningen Open A 2013"]
[Site "Groningen NED"]
[Date "2013.12.27"]
[Round "6.32"]
[White "Dijkhuis,Tycho"]
[Black "Klapwijk,Bram"]
[Result "1/2-1/2"]
[WhiteElo "2202"]
[BlackElo "2039"]

1.e4 e6 2.d4 d5 3.Nc3 Bb4 4.e5 Ne7 5.a3 Bxc3+ 6.bxc3 c5 7.Qg4 Qc7 8.Qxg7 Rg8
9.Qxh7 cxd4 10.Ne2 Nbc6 11.f4 dxc3 12.Qd3 d4 13.Nxd4 Nxd4 14.Qxd4 Bd7 15.Rg1 Nf5
16.Qf2 Qc6 17.Bd3 Qd5 18.Rb1 Bc6 19.Rb3 Rd8 20.Rxc3 Qa2 21.Qc5 Rd5 22.Qb4 Rd4
23.Qb3 Qa1 24.Qb2 Qxb2 25.Bxb2 Rxf4 26.g3 Rh4 27.Bb5 Rxh2 28.Bxc6+ bxc6 29.Rxc6 Kd7
30.Rc3 Rb8 31.Bc1 Rb5 32.Rd3+ Kc6 33.Rc3+ Kd5 34.Rd3+ Kxe5 35.Kd1 Rb1 36.g4 Ne7
37.Re1+ Kf6 38.Rf1+ Kg6 39.Rdf3 f5 40.Re1 Kf7 41.gxf5  1/2-1/2

[Event "12th Nantes Open"]
[Site "Nantes FRA"]
[Date "2013.12.29"]
[Round "5.8"]
[White "Le Pen,S"]
[Black "Jaulin,P"]
[Result "0-1"]
[WhiteElo "1956"]
[BlackElo "2181"]

1.e4 e6 2.d4 d5 3.Nc3 Bb4 4.e5 Ne7 5.Bd2 c5 6.Nb5 Bxd2+ 7.Qxd2 O-O 8.c3 Nbc6
9.f4 Nf5 10.dxc5 b6 11.cxb6 Qxb6 12.Nf3 Rb8 13.b3 f6 14.exf6 Rxf6 15.Nbd4 Ncxd4
16.Nxd4 Qd6 17.Nf3 Qb6 18.Bd3 Bd7 19.Ne5 Be8 20.Qf2 Ne3 21.Ke2 Bh5+ 22.Nf3 d4
23.cxd4 Nd5 24.g3 Nxf4+ 25.gxf4 Rxf4 26.Kd2 Rxf3 27.Qe1 Qxd4 28.Qxe6+ Kh8
29.Qe4 Qb2+ 30.Bc2 Rd8+  0-1

[Event "Cracovia Open A 2013-14"]
[Site "Krakow POL"]
[Date "2014.01.04"]
[Round "9.7"]
[White "Yarmysty,M"]
[Black "Sieciechowicz,M"]
[Result "1-0"]
[WhiteElo "2265"]
[BlackElo "2457"]

1.e4 e6 2.d4 d5 3.Nc3 Bb4 4.e5 b6 5.a3 Bf8 6.Nf3 Ba6 7.Bxa6 Nxa6 8.Qd3 Nb8
9.Ne2 Qd7 10.O-O Ne7 11.b4 Nbc6 12.Bd2 Nf5 13.g4 Nh6 14.h3 f5 15.exf6 gxf6
16.Nf4 e5 17.dxe5 fxe5 18.b5 Ne7 19.Nxe5 Qd6 20.Rfe1 a5 21.Nc6  1-0